Birthplaces of British Royal Consorts - Statistics

General Stats
  • This quiz has been taken 257 times
  • The average score is 12 of 14
Answer Stats
Monarch (reign) Consort Birthplace of Consort % Correct
Elizabeth II (1952-) Prince Philip Corfu, Greece
94%
George VI (1936-1952) Queen Elizabeth London, United Kingdom
93%
Victoria (1837-1901) Prince Albert Coburg, Germany
92%
George V (1910-1936) Queen Mary London, United Kingdom
91%
Edward VII (1901-1910) Queen Alexandra Copenhagen, Denmark
88%
Charles I (1625-1649) Queen Mary (Henrietta Maria) Paris, France
88%
George II (1727-1760) Queen Caroline Bavaria, Germany
87%
George IV (1820-1830) Queen Caroline Brunswick, Germany
85%
George III (1760-1820) Queen Charlotte Mecklenburg-Strelitz, Germany
84%
William IV (1830-1837) Queen Adelaide Saxe-Meiningen, Germany
82%
James I & VI (1567-1625) Queen Anne Jutland, Denmark
76%
Anne (1702-1714) Prince George Copenhagen, Denmark
75%
Charles II (1660-1685) Queen Catherine Vila Vicosa, Portugal
73%
James II & VII (1685-1688) Queen Mary Modena, Italy
63%
No matching quizzes found
Score Distribution
Percent of People with Each Score
Percentile by Number Answered
Your Score History
You have not taken this quiz